| 000 | 00000nam##2200000za#4500 |
| 001 | 9.640290 |
| 003 | CaOODSP |
| 005 | 20210624222610 |
| 007 | cr ||||||||||| |
| 008 | 150407|2000||||xxc|||||o f|0| 0 fre|d |
| 040 | |aCaOODSP|bfre |
| 043 | |an-cn--- |
| 086 | 1 |aEn40-611/2000F-PDF |
| 110 | 1 |aCanada. |bEnvironnement Canada. |
| 245 | 10|aApproche fédérale en matière de lieux contaminés / |h[ressource électronique]|cpar Dillon Consulting Limited ; [issué par le] Groupe de travail sur la gestion des lieux contaminés. |
| 260 | |aOttawa - Ontario : |bEnvironnement Canada |cNovembre 2000. |
| 300 | |a68p.|bfigures, glossaire, références |
| 500 | |a« Novembre 1999 ». Le n° de catalogue (En40-611/2000) et l'ISBN (0-662-65363-7) de l'édition imprimée bilingue ont été incorrectement copiés dans l'édition électronique. |
| 590 | |a12-21-Supp|b2012-05-18 |
| 691 | 07|aContamination|2gcpds |
| 691 | 07|aPolitique environnementale|2gcpds |
| 691 | 07|aLutte contre la pollution|2gcpds |
| 710 | 2 |aDillon Consulting. |
| 775 | 08|tA federal approach to contaminated sites / |w(CaOODSP)9.696170 |
| 776 | 0#|tApproche fédérale en matière de lieux contaminés / |w(CaOODSP)9.681329 |
| 856 | 40|ahttp://publications.gc.ca|qPDF|s298 Ko|uhttps://publications.gc.ca/collections/Collection/EN40-611-2000F.pdf |